| 000 | 00439nam a22001817a 4500 | ||
|---|---|---|---|
| 005 | 20260116165041.0 | ||
| 008 | 260116b |||||||| |||| 00| 0 eng d | ||
| 020 |
_a9789351437338 _c795.00 |
||
| 040 | _aMAIN | ||
| 041 | _aEnglish | ||
| 082 |
_a005.8 _bSIN |
||
| 100 |
_aSingh, Justice Yatindra _925961 |
||
| 245 | _aCyber laws | ||
| 260 |
_aHaryana _bLexix Nexis _c2024 |
||
| 300 | _a468 | ||
| 650 | _aComputer Science | ||
| 942 | _cBK | ||
| 999 |
_c59998 _d59998 |
||